000 01278nam a2200337 i 4500
003 EG-GICUC
005 20260314081932.0
008 260123s1988 ua |||fr|||| 00| 0 ara d
017 _a3296/1988
020 _a9770117471
040 _a EG-GICUC
_bara
_c EG-GICUC
_d EG-GICUC
_erda
041 0 _aAra
082 0 4 _221
_a343.164
_bع ز . ن
092 0 4 _221
099 _aLaw1 10 343.164 ع ز . ن 1988
100 0 _aعزت حسنين
_eمؤلف.
245 1 2 _aالنظرية العامة للعقوبة والتدابير احترازية بين الشريعة والقانون :
_bدراسة مقارنة /
_cتأليف المستشار عزت حسنين.
264 1 _aالقاهرة :
_bالهيئة المصرية العامة للكتاب،
_c1988.
300 _a340 صفحة؛
_c24 سم.
336 _2rda content
_atext
337 _2rda media
_aComputer
338 _2rda carrier
_aOnline Resource
504 _a ببليوجرافيا: صفحات299-305.
546 _aالنص باللغة العربية
650 1 _aالتدبير الإحترازى
_y
_2qrmak
650 1 _aالقانون الجنائى
_2qrmak
651 1 _2qrmak
856 4 0 _uhttps://fll.law.cu.edu.eg/fulltext/bks/B10-08127.pdf
905 _a54
942 _2ddc
_cBK
_e21
_n0
999 _c58811
_d58811